SHORTER ENCYCLOPEDIA OF ISLAM (Record no. 580038)
[ view plain ]
| 000 -LEADER | |
|---|---|
| fixed length control field | 00289nam a22001217a 4500 |
| 020 ## - INTERNATIONAL STANDARD BOOK NUMBER | |
| International Standard Book Number | 90-04-00681-8 |
| 082 ## - DEWEY DECIMAL CLASSIFICATION NUMBER | |
| Classification number | 297.03 SHO'G |
| 100 ## - MAIN ENTRY--PERSONAL NAME | |
| Personal name | GIBB, H.K,KRAMERS, J.H |
| 9 (RLIN) | 74518 |
| 245 ## - TITLE STATEMENT | |
| Title | SHORTER ENCYCLOPEDIA OF ISLAM |
| 260 ## - PUBLICATION, DISTRIBUTION, ETC. | |
| Place of publication, distribution, etc. | LONDON |
| Name of publisher, distributor, etc. | BRILL |
| Date of publication, distribution, etc. | 1974 |
| 300 ## - PHYSICAL DESCRIPTION | |
| Extent | VIII,671P |
| 942 ## - ADDED ENTRY ELEMENTS (KOHA) | |
| Koha item type | Book |
| Withdrawn status | Lost status | Damaged status | Not for loan | Permanent Location | Current Location | Shelving location | Date acquired | Total Checkouts | Full call number | Barcode | Date last seen | Price effective from | Koha item type |
|---|---|---|---|---|---|---|---|---|---|---|---|---|---|
| College of Electrical & Mechanical Engineering (CEME) | College of Electrical & Mechanical Engineering (CEME) | General Stacks | 05/08/2017 | 297.03 SHO'G | CEME-15201 | 06/28/2021 | 06/28/2021 | Book |
